Statistics for FIFA 22 TOTW 16

Click here to take the quiz!

General Stats

  • This quiz has been taken 7 times
  • The average score is 13 of 23

Answer Stats

ClubPositionRatingAnswer% Correct
TottenhamCB84Davinson Sanchez
100%
BarcelonaCB86Gerard Pique
100%
Leicester CityGK86Kasper Schmeichel
100%
ChelseaCM92N'golo Kante
100%
VillarrealCB84Pau Torres
100%
Atletico MadridST85Angel Correa
80%
Celta VigoST87Iago Aspas
80%
West HamRM82Jarrod Bowen
80%
WolvesCM83Joao Moutinho
80%
Man CityLW87Phil Foden
80%
Real SociedadLM84Adnan Januzaj
60%
SouthamptonGK81Fraser Forster
60%
LeedsRWB81Stuart Dallas
60%
GetafeST81Enes Unal
40%
Sporting CPST82Paulinho
40%
Bristol CityRM78Andreas Weimann
20%
Adelaide UnitedLM79Craig Goodwin
20%
Al ShababCM84Ever Banega
20%
SwindonST72Harry McKirdy
20%
SunderlandST75Ross Stewart
20%
Shanghai PortCM81Aaron Mooy
0%
BrightonLM81Alexis Mac Allister
0%
Athletic BilbaoST79Oihan Sancet
0%

Score Distribution

Percentile by Number Answered

Percent of People with Each Score

Your Score History

You have not taken this quiz